MARC

LEADER 00000nam0a2200000 4500
001 49130
005 20231031032507.0
010 |a 5020064254 
035 |a (RuTPU)RU\TPU\book\51450 
090 |a 49130 
100 |a 20030325d2002 k y0rusy50 ca 
101 0 |a rus 
102 |a RU 
105 |a a z 011zb 
200 1 |a Дискретная геометрия и геометрия чисел  |e Сборник статей  |f Российская академия наук; Гл. ред. Е. Ф. Мищенко 
210 |a Москва  |c Наука  |d 2002 
215 |a 335 с.  |c ил. 
225 1 |a Труды Математического института им. В. А. Стеклова  |v Вып. 239 
300 |a К 70-летию со дня рождения С. С. Рышкова 
320 |a Библиогр. в конце статей 
600 1 |a Рышков  |b С. С.  |c российский математик  |f 1930 -  |g Сергей Сергеевич  |c геометр  |2 stltpush  |3 (RuTPU)RU\TPU\pers\8162 
610 1 |a дискретная геометрия 
610 1 |a комбинаторная геометрия 
610 1 |a геометрия чисел 
610 1 |a решетки 
610 1 |a гипотеза Борсука 
610 1 |a теорема Тверберга 
610 1 |a квадратичные отображения 
610 1 |a рычажные отображения 
610 1 |a группы 
610 1 |a пучковые когомологии 
610 1 |a упорядоченные множества 
675 |a 514.7  |v 3 
702 1 |a Мищенко  |b Е. Ф.  |4 651 
712 0 2 |a Российская академия наук  |2 stltpush  |3 (RuTPU)RU\TPU\col\51 
801 1 |a RU  |b 63413507  |c 20030325  |g PSBO 
801 2 |a RU  |b 63413507  |c 20131017  |g PSBO 
942 |c BK